|
|
|
|
| LEADER |
00000ckm a2200000 a 4500 |
| 001 |
vtls001200942 |
| 003 |
SK-MaSNL |
| 005 |
20260331203112.0 |
| 007 |
kf co |
| 008 |
230706s1988 xo g 0kuslo |
| 015 |
|
|
|a SNBG1988
|
| 035 |
|
|
|a SNK000144012
|
| 035 |
|
|
|a urn:nbn:sk:snk-km004z5h
|
| 035 |
|
|
|a 0753A071-DA29-4E51-90AB-AF196F45FA15
|
| 035 |
|
|
|a urn:nbn:sk:snk-kmtfgh
|
| 040 |
|
|
|a SNK
|b slo
|c SNK
|e AACR2
|
| 041 |
0 |
|
|a slo
|
| 043 |
|
|
|a e-xo---
|
| 044 |
|
|
|a xo
|c SK
|
| 072 |
|
7 |
|a 913
|x Regionálna geografia
|2 konspekt
|
| 080 |
|
|
|a 913(437.6)
|2 2011
|
| 080 |
|
|
|a 908(437.6)
|2 2011
|
| 080 |
|
|
|a 904(084.121)
|2 2011
|
| 080 |
|
|
|a (437.6)
|2 2001
|
| 080 |
|
|
|a (084.121)
|2 2001
|
| 100 |
1 |
|
|a Lorenc, František
|c (fotograf)
|4 pht
|9 177742
|
| 245 |
1 |
0 |
|a Čičmany
|h grafika
|c foto František Lorenc, Bohuslav Zemiar
|
| 246 |
1 |
|
|i Názov na obrazovej časti:
|a Čičmany
|
| 260 |
|
|
|a Bratislava
|b Pravda
|c 1988
|e [Bratislava]
|f TZP-B
|
| 300 |
|
|
|a 1 pohľadnica (4 čiastkové pohľady)
|b farebná
|c 11 x 15 cm
|
| 500 |
|
|
|a Na adresnej časti uvedené: "Čičmany - obec založená r. 1272. V obci sa vyvinul jedinečný folklór, svojrázny ľudový kroj a originálna čičmianska drevená architektúra"
|
| 520 |
8 |
|
|a Zobrazenie: celkový pohľad a drevená architektúra Čičmian
|
| 651 |
|
7 |
|a Čičmany (Slovensko)
|2 SNKPHgeo
|9 69879
|
| 655 |
|
7 |
|a pohľadnice kultúrnych pamiatok
|2 SNKPH
|9 70523
|
| 655 |
|
7 |
|a geografické pohľadnice
|2 SNKPH
|9 70522
|
| 655 |
|
7 |
|a miestne pohľadnice
|2 SNKPH
|9 70510
|
| 700 |
1 |
|
|a Zemiar, Bohuslav,
|d 1952-
|4 pht
|9 47876
|
| 852 |
|
|
|a Slovenská národná knižnica
|
| 954 |
|
|
|a pohľadnice pôvodné (slovenské)
|2 lita
|
| 958 |
|
|
|a GBN
|
| 958 |
|
|
|a OND
|
| 958 |
|
|
|a GC
|
| 999 |
|
|
|c 1213421
|d 1215351
|
| 952 |
|
|
|a SNK
|b SNK
|y PREZ
|7 0
|p 17A1291367
|o snkSP 139193
|i snk1373/88
|0 0
|1 0
|4 0
|d 2021-11-18
|l 0
|r 2026-02-24 23:19:47
|w 2026-02-24
|
| 952 |
|
|
|t P60, <04>, [BOOK], {604}
|a SNK
|b SNK
|y PREZ
|7 0
|p 17A0263448
|o snkSP 139193 D1
|i snk1374/88
|0 0
|1 0
|4 0
|d 2000-12-21
|f 1
|l 0
|r 2005-01-01 00:00:00
|w 2026-02-24
|